00537nam a2200181Ia 450000500170000000800410001702000150005808200130007310000140008624500280010025000080012826000400013630000130017650000460018994200060023595200990024199900150034020250311023053.0240331s9999 xx 000 0 und d a8183680461 bCHOa891 aChokkan,N 0aAmbani oru vetri kadhai a2nd aChennaibKizhakku pathippagamc2005 a165 p ., aA biographical sketch of Dhirubai Ambani. cL 001040708LaWERCLbWERCLcSSCd2024-03-31l0o 891.811 CHOp6106r2024-03-31w2024-03-31yL c4752d4752